• 首页
  • 本馆介绍
  • 公告通知
  • 最新文献
  • 馆藏检索
  • 电子资源
  • 读者导购
  • 参考咨询
  • 我的图书馆
  • 登录
  • 详细信息显示
  • 放入我的书架
  • 预约/预借图书
  • 作者相关作品
  • 分类相关作品
  • 丛书相关作品
  • 出版社相关作品

书目信息

  • 表格格式
  • 工作单格式
  • 卡片格式
题名:
永远徘徊
    
 
作者: 汪丁丁 著
分册:  
出版信息: 北京   社会科学文献出版社  2002
页数: 272页
开本: 23cm
丛书名:
单 册:
中图分类: F0-53
科图分类:
主题词: 社会科学--文集 , CT--S065481--社会科学 , 政治经济学
电子资源:
ISBN: 7-80149-643-4
000 00772nam0 2200253 45
001 012002024496
005 20031219104115.9
010    @a7-80149-643-4@dCNY32.00
100    @a20020319d2002 em y0chiy0110 ea
101 0  @achi
102    @aCN@b110000
105    @ay z 000yy
106    @ar
200 1  @a永远徘徊@9yong yuan pai huai@f汪丁丁著
210    @a北京@c社会科学文献出版社@d2002
215    @a272页@d23cm
330    @a本书收入作者1985年到1995年间几十篇作品,其中有:乌托邦与传统——永远的徘徊;为《读书》写的经济学;谈谈企业家精神等。
606 0  @a社会科学@j文集
606 0  @2CT@3S065481@a社会科学
606 0  @a政治经济学
690    @aF0-53@v4
701  0 @a汪丁丁@9wang ding ding@4著
801    @aCN@bTSTC@c20030922
905    @b326046-050@dF0-53@e167@f5
    
    永远徘徊/汪丁丁著.-北京:社会科学文献出版社,2002
    272页;23cm
    
    
    ISBN 7-80149-643-4:CNY32.00
    本书收入作者1985年到1995年间几十篇作品,其中有:乌托邦与传统——永远的徘徊;为《读书》写的经济学;谈谈企业家精神等。
●
相关链接 在E读中查询图书 在五车中查询图书 在当当中查询图书 在豆瓣中查询图书


正题名:永远徘徊     索取号:F0-53/167         预约/预借

序号 登录号 条形码 馆藏地/架位号 状态 备注
1 0326046   203260461   第一借阅区/ [索取号:F0-53/167] 已借出,限还日期为2006.11.27
借出人:朱 玲  
 
2 0326047   203260470   密集书库/ [索取号:F0-53/167] 在馆    
3 0326048   203260489   密集书库/ [索取号:F0-53/167] 在馆    
4 0326049   203260498   密集书库/ [索取号:F0-53/167] 在馆    
5 0326050   203260504   第一样本阅览室/ [索取号:F0-53/167] 在馆    
6 0331221   203312218   第一借阅区/ [索取号:F0-53/167] 在馆    
7 0331222   203312227   第一借阅区/ [索取号:F0-53/167] 在馆    
8 0331223   203312236   第一借阅区/ [索取号:F0-53/167] 在馆    
唐山师范学院图书馆 欢迎您!
大连网信软件有限公司© 版权所有